00617nam a2200205Ia 450000500170000000800410001702000150005804000180007304100080009110000250009924500770012426000470020130000240024850400400027265000180031265000210033065000240035165000210037583000150039620140903173557.0130821s2004 ck gr spa  a9583504785 aCo-BoUCMbspa00aspa1 aParra Quijano, Jairo10aRacionalidad e ideología en las pruebas de oficiocJairo Parra Quijano aBogotá (Colombia)bEditorial Temisc2004 axiii, 226 páginas aIncluye bibliografías e índice.04aDerecho penal04aDerecho procesal04aProcedimiento civil04aPrueba (Derecho) aBB_J_DPCYB